Liedtext - Durch den Monsun - Tokio Hotel - Statistiken

Allgemein
  • Dieses Quiz wurde 962 mal gespielt
  • Das Durchschnittsergebnis liegt bei 191 aus 261
Antwortstatistiken
Textquiz % Korrekt
den
98%
durch
98%
Durch
98%
Ich
98%
ich
98%
Monsun
98%
die
97%
Welt
96%
der
94%
Hinter
94%
hinter
94%
mehr
94%
Da
93%
'n
93%
Ende
91%
kein
91%
muss
91%
Zeit
91%
Bis
90%
Regen
90%
und
90%
Und
90%
wir
90%
Ans
89%
fällt
89%
nicht
89%
kann
87%
zu
85%
Am
84%
wenn
84%
laufen
80%
zusamm'n
80%
entlang
78%
daran
77%
denk'
77%
Irgendwann
77%
Abgrund
76%
Dann
73%
dann
73%
Das
73%
Sturm
73%
uns
72%
alles
69%
Alles
69%
Gegen
69%
hält
69%
es
68%
gut
67%
halten
66%
nichts
66%
wird
66%
Wird
66%
ist
62%
Weil
62%
dir
61%
einfach
60%
sich
59%
mir
57%
Fenster
56%
öffnet
55%
'ne
54%
er
53%
aus
52%
War
51%
geht
50%
von
50%
auf
49%
Hier
49%
Kerze
49%
vor
49%
letzte
48%
leer
47%
sie
47%
voll
45%
schon
44%
drin'
42%
jetzt
42%
noch
42%
was
42%
Wolken
42%
bei
41%
warte
41%
Ewigkeit
40%
mich
40%
soweit
39%
zieh'n
39%
draußen
38%
im
38%
dass
37%
schwarzen
37%
dich
36%
Endlich
36%
Tür
34%
verspricht
33%
eben
32%
glaub'
31%
deinen
30%
dieser
30%
wirklich
30%
Hey
29%
Mond
29%
weiß
29%
dran
26%
kämpf
26%
Namen
26%
Orkan
26%
Werde
26%
glauben
25%
Hör'
25%
finden
24%
halber
23%
besiegen
21%
führ'n
21%
Mächte
21%
versinkt
20%
Keine übereinstimmenden Quizze gefunden
Verteilung der Resultate
Anzahl Personen mit jedem Resultat
Perzentil nach korrekt beantworteten Fragen
Ihre Resultats-Entwicklung
Sie haben dieses Quiz noch nicht gespielt